| 000 | 00669nam a2200205 a 4500 | ||
|---|---|---|---|
| 001 | BRCA_5748 | ||
| 005 | 20190320205212.0 | ||
| 008 | 070311d1921----gw-a######---#000-0#ger-# | ||
| 050 | 4 |
_aQE461 _b.F75 _c1921 |
|
| 100 | 1 |
_aFriedlaender, Immanuel. _d1871-1948 _914581 |
|
| 245 | 1 | 0 | _aVulkanische Ereignisse in Mexiko Nach Zeitungnachrichten. |
| 260 |
_aBerlin _bDietrich Reimer. _c1921 |
||
| 300 |
_a8 p. _bils., 2 láminas _c24 cm. |
||
| 500 | _aRevista inventariada como libro por el Banco de México | ||
| 500 | _aH63 | ||
| 650 | 1 | 4 |
_aVulcanología _zMéxico _914582 |
| 650 | 1 | 4 |
_aErupciones Volcánicas _vPublicación periódica _914583 |
| 902 | _aGFM | ||
| 942 |
_2lcc _cB |
||
| 999 |
_c5438 _d5438 |
||